Shadow and bone episodes - Statistics

General Stats
  • This quiz has been taken 79 times
    36 since last reset
  • The average score is 6 of 16
Answer Stats
season title % Correct
No Mourners
96%
no funerals
88%
1 A Searing burst of light
42%
despise your heart
35%
Otkazat'sya
35%
i have no heart
31%
2 No Shelter but me
31%
Rusalye
31%
We're all someone's monster
31%
The heart is an arrow
27%
The Unsea
27%
every monstrous thing
23%
Like calls to like
23%
Meet you in the meadow
23%
The Making at the heart of the world
23%
Show me who you are
19%
No matching quizzes found
Score Distribution
Percent of People with Each Score
Percentile by Number Answered
Your Score History
You have not taken this quiz since the last reset